00285nam a2200109Ia 4500008004100000041000800041100002400049245003000073260003500103300000800138700002900146250110s9999 xx 000 0 und d aeng aPansare Bhagyashree aAutomobile Museum In Pune bFinal Year B. Arch, BNCAc2014 a93p aGuide Name:Chutake Rahul